[Event "45th Capablanca Mem Elite"]
[Site "Havana CUB"]
[Date "2010.06.12"]
[Round "3"]
[White "Nepomniachtchi,I"]
[Black "Short,N"]
[Result "1/2-1/2"]
[WhiteElo "2695"]
[BlackElo "2685"]
[EventDate "2010.06.10"]

1. e4 e5 2. Nf3 Nc6 3. Bb5 a6 4. Ba4 Nf6 5. d3 d6 6. c3 g6 7. Nbd2 Bg7 8.
O-O O-O 9. Re1 Re8 10. h3 h6 11. d4 b5 12. Bc2 exd4 13. cxd4 Bb7 14. a3 Na5
15. e5 dxe5 16. dxe5 Nh7 17. b4 Nc4 18. Nxc4 bxc4 19. Bb2 Ng5 20. Nxg5 Qxg5
21. Be4 Rad8 22. Qc1 Qxc1 23. Raxc1 Bxe4 24. Rxe4 Rd2 25. Bc3 Ra2 26. Rxc4
Rxa3 27. Rxc7 g5 28. Re1 Re6 29. Re3 Rb3 30. Rf3 Bxe5 31. Rc8+ 1/2-1/2

[Event "45th Capablanca Mem Elite"]
[Site "Havana CUB"]
[Date "2010.06.12"]
[Round "3"]
[White "Alekseev,Evgeny"]
[Black "Bruzon Batista,L"]
[Result "1/2-1/2"]
[WhiteElo "2700"]
[BlackElo "2668"]
[EventDate "2010.06.10"]

1. e4 e5 2. Nf3 Nc6 3. Bb5 Nf6 4. O-O Nxe4 5. d4 Nd6 6. Bxc6 dxc6 7. dxe5
Nf5 8. Qxd8+ Kxd8 9. Nc3 Bd7 10. b3 Kc8 11. Bb2 Be7 12. Rad1 h5 13. Rd3 a5
14. a4 b6 15. Rfd1 Be6 16. Ne2 c5 17. c4 g5 18. Nc3 g4 19. Ne1 Kb7 20. Nd5
Bg5 21. Nc2 Rad8 22. Kf1 1/2-1/2

[Event "45th Capablanca Mem Elite"]
[Site "Havana CUB"]
[Date "2010.06.13"]
[Round "4"]
[White "Short,N"]
[Black "Alekseev,Evgeny"]
[Result "1-0"]
[WhiteElo "2685"]
[BlackElo "2700"]
[EventDate "2010.06.10"]

1. d4 Nf6 2. c4 e6 3. Nf3 b6 4. Nc3 Bb4 5. Qc2 Bb7 6. a3 Bxc3+ 7. Qxc3 O-O
8. e3 d6 9. b4 Nbd7 10. Bb2 Ne4 11. Qb3 f5 12. Be2 Rf6 13. d5 Rg6 14. dxe6
Nf8 15. c5 Nxe6 16. cxd6 cxd6 17. Nd4 d5 18. Nxe6 Rxe6 19. Rd1 Qh4 20. g3
Qh6 21. Rxd5 Bxd5 22. Qxd5 Rae8 23. Bb5 Nxf2 24. Kxf2 Qxe3+ 25. Kg2 Rc8 26.
Rc1 Rxc1 27. Bxc1 Qe4+ 28. Qxe4 Rxe4 29. Kf2 g6 30. Be3 Kf7 31. Bd3 Re7 32.
a4 Rc7 33. a5 bxa5 34. bxa5 Kf6 35. h4 Ke6 36. a6 Kd5 37. Be2 Ke4 38. Bf3+
Kd3 39. Bb7 Rc2+ 40. Kf3 1-0

[Event "45th Capablanca Mem Elite"]
[Site "Havana CUB"]
[Date "2010.06.16"]
[Round "6"]
[White "Alekseev,Evgeny"]
[Black "Nepomniachtchi,I"]
[Result "0-1"]
[WhiteElo "2700"]
[BlackElo "2695"]
[EventDate "2010.06.10"]

1. Nf3 Nf6 2. c4 g6 3. Nc3 d5 4. cxd5 Nxd5 5. g3 Bg7 6. Bg2 Nb6 7. d3 c6 8.
O-O O-O 9. Qc2 Na6 10. b3 Re8 11. Bb2 e5 12. a3 Qe7 13. Rac1 h6 14. b4 Nc7
15. Rb1 Bf5 16. Ne4 Rad8 17. Rfd1 Nb5 18. e3 Nd6 19. Nfd2 Bg4 20. Re1 Nxe4
21. Nxe4 Nd7 22. Nd2 Be6 23. Nc4 Bd5 24. Red1 Bxg2 25. Kxg2 c5 26. e4 cxb4
27. axb4 b5 28. Ne3 Nb6 29. Bc3 Rd6 30. Ra1 Qd7 31. Be1 h5 32. Qe2 Bh6 33.
Rac1 Rd8 34. Rc5 Bxe3 35. Qxe3 Nc4 36. Qe2 a6 37. Bc3 Rxd3 38. Rxd3 Qxd3
39. Qxd3 Rxd3 40. Bxe5 Nxe5 41. Rxe5 Rd4 42. Re8+ Kg7 43. Ra8 Rxe4 44. Rxa6
g5 45. f4 g4 46. Rd6 Rxb4 47. Rd5 Rb2+ 48. Kg1 b4 49. Rxh5 b3 50. Rb5 Kf6
51. Kf1 Ke7 52. Ke1 Kd6 53. Kd1 Kc6 54. Rb8 Kd5 55. Kc1 Rc2+ 56. Kb1 Rxh2
57. Rxb3 Rf2 58. Kc1 Rf3 59. Rb7 Ke6 60. Rb6+ Kf5 61. Rb5+ Ke4 62. Re5+ Kd3
63. Rf5 Rxg3 64. Rxf7 Rf3 65. f5 g3 66. Rg7 Ke2 0-1

[Event "45th Capablanca Mem Elite"]
[Site "Havana CUB"]
[Date "2010.06.17"]
[Round "7"]
[White "Nepomniachtchi,I"]
[Black "Bruzon Batista,L"]
[Result "1-0"]
[WhiteElo "2695"]
[BlackElo "2668"]
[EventDate "2010.06.10"]

1. e4 e5 2. Nf3 Nc6 3. Bb5 Nf6 4. O-O Nxe4 5. d4 Nd6 6. Bxc6 dxc6 7. dxe5
Nf5 8. Qxd8+ Kxd8 9. Nc3 h6 10. h3 Bd7 11. b3 c5 12. Rd1 Kc8 13. Bb2 Be6
14. Nd5 g5 15. c4 b6 16. Kh2 Ne7 17. g4 Ng6 18. Kg3 Be7 19. Rd2 Kb7 20. Rh1
a5 21. a4 Rad8 22. Bc1 Rdg8 23. Rhd1 Kc8 24. Nf6 Rd8 25. Nd5 Rdg8 26. Rd3
Re8 27. Bb2 Bd8 28. Nf6 Ref8 29. Re3 Be7 30. h4 gxh4+ 31. Nxh4 Rfg8 32. Nf3
Rd8 33. Rh1 c6 34. Bc3 Kc7 35. Nd2 Bf8 36. f4 Ne7 37. Nde4 Bg7 38. Rf3 Bxf6
39. exf6 Nc8 40. f5 1-0

[Event "45th Capablanca Mem Elite"]
[Site "Havana CUB"]
[Date "2010.06.18"]
[Round "8"]
[White "Bruzon Batista,L"]
[Black "Alekseev,Evgeny"]
[Result "1/2-1/2"]
[WhiteElo "2668"]
[BlackElo "2700"]
[EventDate "2010.06.10"]

1. Nf3 Nf6 2. c4 e6 3. g3 b6 4. Bg2 Bb7 5. O-O Be7 6. d4 O-O 7. Nc3 Ne4 8.
Nxe4 Bxe4 9. Ne1 Bxg2 10. Nxg2 d5 11. Qa4 dxc4 12. Qxc4 c5 13. dxc5 Bxc5
14. Be3 1/2-1/2

[Event "45th Capablanca Mem Elite"]
[Site "Havana CUB"]
[Date "2010.06.19"]
[Round "9"]
[White "Alekseev,Evgeny"]
[Black "Short,N"]
[Result "1/2-1/2"]
[WhiteElo "2700"]
[BlackElo "2685"]
[EventDate "2010.06.10"]

1. e4 c6 2. d4 d5 3. Nc3 dxe4 4. Nxe4 Nf6 5. Nxf6+ gxf6 6. c3 h5 7. Be3 h4
8. Qb3 Nd7 9. O-O-O Qb6 10. Qc2 Qa5 11. Kb1 Nb6 12. Bd3 Nd5 13. Bd2 Bh6 14.
Ne2 Bxd2 15. Qxd2 Be6 16. Nc1 Qc7 17. g3 O-O-O 18. Nb3 Kb8 19. Rc1 Bc8 20.
Rhe1 e5 21. Qe2 Rde8 22. Qf3 hxg3 23. hxg3 Rhg8 24. Bf5 Bxf5+ 25. Qxf5 Qc8
26. Qc2 Re7 27. Re4 Rge8 28. Rce1 Qf5 29. a3 Qg6 30. c4 exd4 31. Rxe7 Rxe7
32. Rxe7 Nxe7 33. Nxd4 Kc7 34. c5 Qh5 35. Qb3 1/2-1/2